LEADER 01658nam 2200385 n 450 001 996390512603316 005 20221107234522.0 035 $a(CKB)4940000000101917 035 $a(EEBO)2248579647 035 $a(UnM)99840186 035 $a(EXLCZ)994940000000101917 100 $a19910204d1628 uy | 101 0 $aeng 135 $aurbn||||a|bb| 200 10$aVienna$b[electronic resource] $eNoe art can cut his hart. Wherein is storied ye valorous atchieuements, famous triumphs, constant loue, greate miseries, & finall happines, of the well-deseruing, truly noble and most valiant k[nigh]t Sr Paris of Viennae[sic] and ye most admire[d], amiable princess the faire Vienna 210 $aLondon $cPrinted [by A. Mathewes] for George Percivall and are to be sould at his shop at ye signe of ye Bible in fleetstreete neere the Cunditt$d[1628] 215 $a[12], 180 p 300 $aBased on: Pierre, de la Ce?pe?de. Paris et Vienne. 300 $aPrinter's name and publication date from STC. 300 $aWith engraved title page. 300 $aPrint show-through; some pages stained; print blurred on title page, so that portion of title proper is illegible. 300 $aReproduction of the original in the British Library. 330 $aeebo-0018 606 $aRomances$vEarly works to 1800 615 0$aRomances 700 $aM. M$g(Matthew Mainwaring),$f1561-1652.$01007367 701 $aPierre$cde la Ce?pe?de,$f15th cent.$01007368 801 0$bCu-RivES 801 1$bCu-RivES 801 2$bCStRLIN 801 2$bWaOLN 906 $aBOOK 912 $a996390512603316 996 $aVienna$92320566 997 $aUNISA LEADER 01226nam0 22002771i 450 001 UON00081231 005 20231205102429.451 010 $a28-597-0005-6 100 $a20020107d1981 |0itac50 ba 101 $afre 102 $aFR 105 $a|||| ||||| 200 1 $a2000$bdeuxmille] ans d'histoire africaine$eLe sol, la parole et l'ecrit$eMélanges en hommage à Raymond Mauny 210 $aParis$cSociété Française d'Histoire d'Outre-Mer$d1981 215 $a2 v.$d24 cm 410 1$1001UON00065915$12001 $aBibliothèque d'histoire d'outre-mer. Nouvelle série. Etudes$v5-6 606 $aAFRICA$xStudi miscellanei$3UONC020691$2FI 620 $aFR$dParis$3UONL002984 676 $a960$cStoria dell'Africa$v21 712 $aSociete Francaise d'histoire d'outre-Mer$3UONV256858$4650 801 $aIT$bSOL$c20250704$gRICA 912 $aUON00081231 950 $aSIBA - SISTEMA BIBLIOTECARIO DI ATENEO$dSI GEN 0517/001 $eSI AA 6650 7 0517/001 950 $aSIBA - SISTEMA BIBLIOTECARIO DI ATENEO$dSI GEN 0517/002 $eSI AA 6651 7 0517/002 996 $a2000-$94296910 997 $aUNIOR LEADER 02744oas 2201117 a 450 001 9910143846703321 005 20251105213014.0 011 $a1875-1350 035 $a(DE-599)ZDB2438404-5 035 $a(OCoLC)262260356 035 $a(CONSER) 2010247796 035 $a(CKB)1000000000365586 035 $a(EXLCZ)991000000000365586 100 $a20081013a20089999 sy a 101 0 $aeng 135 $aur||||||||||| 181 $ctxt$2rdacontent 182 $cc$2rdamedia 183 $acr$2rdacarrier 200 00$aBiosemiotics 210 $a[Dordrecht], Netherlands $cSpringer 215 $a1 online resource 300 $aRefereed/Peer-reviewed 311 08$a1875-1342 606 $aBiology$xSemiotics$vPeriodicals 606 $aBiological models$vPeriodicals 606 $aCommunication 606 $aModels, Biological 606 $aBiose?miotique$vPe?riodiques 606 $aCommunication 606 $aMode?les biologiques 606 $aInformation 606 $aMe?sinformation 606 $aBiological models$2fast$3(OCoLC)fst00832276 606 $aBiology$xSemiotics$2fast$3(OCoLC)fst01765943 606 $aBiologia$2thub 606 $aComunicació científica$2thub 606 $aSemiòtica$2thub 608 $aPeriodical. 608 $aperiodicals.$2aat 608 $aPeriodicals.$2fast 608 $aPeriodicals.$2lcgft 608 $aPe?riodiques.$2rvmgf 608 $aRevistes electròniques.$2thub 615 0$aBiology$xSemiotics 615 0$aBiological models 615 12$aCommunication. 615 22$aModels, Biological. 615 6$aBiose?miotique 615 6$aCommunication. 615 6$aMode?les biologiques. 615 6$aInformation. 615 6$aMe?sinformation. 615 7$aBiological models. 615 7$aBiology$xSemiotics. 615 7$aBiologia. 615 7$aComunicació científica. 615 7$aSemiòtica. 801 0$bHNK 801 1$bHNK 801 2$bHNK 801 2$bAU@ 801 2$bCIT 801 2$bPFM 801 2$bQE2 801 2$bOCLCQ 801 2$bOCLCF 801 2$bOCLCQ 801 2$bEZC 801 2$bU3W 801 2$bOCLCO 801 2$bWYU 801 2$bOCLCO 801 2$bUKMGB 801 2$bOCLCA 801 2$bVT2 801 2$bOCLCO 801 2$bNJT 801 2$bOCLCO 801 2$bDLC 801 2$bOCLCA 801 2$bOCL 801 2$bUBY 801 2$bBWN 801 2$bCUS 801 2$bOCLCQ 801 2$bDXU 801 2$bCEF 801 2$bSFB 801 2$bQGK 801 2$bOCLCL 801 2$bOCLCQ 906 $aJOURNAL 912 $a9910143846703321 996 $aBiosemiotics$92245287 997 $aUNINA